<?xml version="1.0" encoding="UTF-8"?>
<record
    xmlns:xsi="http://www.w3.org/2001/XMLSchema-instance"
    xsi:schemaLocation="http://www.loc.gov/MARC21/slim http://www.loc.gov/standards/marcxml/schema/MARC21slim.xsd"
    xmlns="http://www.loc.gov/MARC21/slim">

  <leader>01515nam a2200193 a 4500</leader>
  <controlfield tag="001">000000586</controlfield>
  <controlfield tag="005">20240412074158.0</controlfield>
  <controlfield tag="008">081028s2007    dr a          000 j spa d</controlfield>
  <datafield tag="040" ind1=" " ind2=" ">
    <subfield code="a">DO-SdBNP</subfield>
    <subfield code="b">spa</subfield>
    <subfield code="c">BNPHU</subfield>
  </datafield>
  <datafield tag="082" ind1=" " ind2=" ">
    <subfield code="a">RD863.5</subfield>
    <subfield code="b">V872i</subfield>
  </datafield>
  <datafield tag="245" ind1="0" ind2="0">
    <subfield code="a">Voces infantiles cuentan :</subfield>
    <subfield code="b">tradiciones y leyendas puertoplate&#xF1;as /</subfield>
    <subfield code="c">recopiladora Emelda Ramos.</subfield>
  </datafield>
  <datafield tag="260" ind1=" " ind2=" ">
    <subfield code="a">Santo Domingo :</subfield>
    <subfield code="b">Ediciones Renovaci&#xF3;n,</subfield>
    <subfield code="c">2007.</subfield>
  </datafield>
  <datafield tag="300" ind1=" " ind2=" ">
    <subfield code="a">105 p. :</subfield>
    <subfield code="b">il. ;</subfield>
    <subfield code="c">20 cm.</subfield>
  </datafield>
  <datafield tag="505" ind1="0" ind2=" ">
    <subfield code="t">El compromiso de Brugal &amp; Co. para elevar el nivel cultural de los dominicanos --</subfield>
    <subfield code="t">Presentaci&#xF3;n --</subfield>
    <subfield code="t">I- Narraciones en el tiempo --</subfield>
    <subfield code="t">Los ciclones y Puerto Plata --</subfield>
    <subfield code="t">El misterio de Santa Rosa de Lima --</subfield>
    <subfield code="t">En la celda de Duarte --</subfield>
    <subfield code="t">Un viaje en barco --</subfield>
    <subfield code="t">El faro: historia y leyenda --</subfield>
    <subfield code="t">El perro ferrocarrilero --</subfield>
    <subfield code="t">El terremoto del 46 --</subfield>
    <subfield code="t">La calle del doctor Zafra --</subfield>
    <subfield code="t">Insignia patria --</subfield>
    <subfield code="t">El &#xFA;ltimo d&#xED;a de las hermanas Mirabal --</subfield>
    <subfield code="t">Inolvidable tradici&#xF3;n --</subfield>
    <subfield code="t">II- Mitos, leyendas y apariciones --</subfield>
    <subfield code="t">La ciguapa --</subfield>
    <subfield code="t">!No la mires a los ojos! --</subfield>
    <subfield code="t">La sirena de Puerto Plata --</subfield>
    <subfield code="t">&#xBF;Realidad o fantas&#xED;a? --</subfield>
    <subfield code="t">Antes de Cofres&#xED; --</subfield>
    <subfield code="t">El galipote --</subfield>
    <subfield code="t">La leyenda de Tiburcio --</subfield>
    <subfield code="t">El hombre que pide agua --</subfield>
    <subfield code="t">Ballenas de la desembocadura --</subfield>
    <subfield code="t">Entre las sombras --</subfield>
    <subfield code="t">El chupa cabras --</subfield>
    <subfield code="t">El cuervo de Isabel de Torres --</subfield>
    <subfield code="t">III- Leyendas urbanas --</subfield>
    <subfield code="t">Identificaci&#xF3;n de las voces infantiles.</subfield>
  </datafield>
  <datafield tag="586" ind1=" " ind2=" ">
    <subfield code="a">Concurso literario por nuestro pa&#xED;s primero, 2007</subfield>
  </datafield>
  <datafield tag="650" ind1=" " ind2="0">
    <subfield code="a">Cuentos dominicanos</subfield>
    <subfield code="9">176</subfield>
  </datafield>
  <datafield tag="650" ind1=" " ind2="0">
    <subfield code="a">Literatura dominicana.</subfield>
    <subfield code="9">67</subfield>
  </datafield>
  <datafield tag="700" ind1="1" ind2="2">
    <subfield code="a">Ramos, Emelda,</subfield>
    <subfield code="d">1948-</subfield>
    <subfield code="9">1915</subfield>
  </datafield>
  <datafield tag="952" ind1=" " ind2=" ">
    <subfield code="0">0</subfield>
    <subfield code="1">0</subfield>
    <subfield code="5">6</subfield>
    <subfield code="7">0</subfield>
    <subfield code="8">DS</subfield>
    <subfield code="a">BNPHU</subfield>
    <subfield code="b">BNPHU</subfield>
    <subfield code="c">HD</subfield>
    <subfield code="d">2009-07-21</subfield>
    <subfield code="i">LF1</subfield>
    <subfield code="l">0</subfield>
    <subfield code="o">RD863.5 V872i</subfield>
    <subfield code="p">586-30</subfield>
    <subfield code="r">2020-06-25</subfield>
    <subfield code="t">e.3</subfield>
    <subfield code="w">2020-06-25</subfield>
    <subfield code="y">LF1</subfield>
    <subfield code="Z">Pr&#xE9;stamo en sala</subfield>
  </datafield>
  <datafield tag="952" ind1=" " ind2=" ">
    <subfield code="0">0</subfield>
    <subfield code="1">0</subfield>
    <subfield code="5">3</subfield>
    <subfield code="7">1</subfield>
    <subfield code="8">PD</subfield>
    <subfield code="a">BNPHU</subfield>
    <subfield code="b">BNPHU</subfield>
    <subfield code="c">HD</subfield>
    <subfield code="d">2009-07-21</subfield>
    <subfield code="i">LF1</subfield>
    <subfield code="l">0</subfield>
    <subfield code="o">RD863.5 V872i</subfield>
    <subfield code="p">586-10</subfield>
    <subfield code="r">2020-06-25</subfield>
    <subfield code="w">2020-06-25</subfield>
    <subfield code="y">LF1</subfield>
    <subfield code="Z">No se presta</subfield>
  </datafield>
  <datafield tag="952" ind1=" " ind2=" ">
    <subfield code="0">0</subfield>
    <subfield code="1">0</subfield>
    <subfield code="5">3</subfield>
    <subfield code="7">1</subfield>
    <subfield code="8">PD</subfield>
    <subfield code="a">BNPHU</subfield>
    <subfield code="b">BNPHU</subfield>
    <subfield code="c">HD</subfield>
    <subfield code="d">2009-07-21</subfield>
    <subfield code="i">LF1</subfield>
    <subfield code="l">0</subfield>
    <subfield code="o">RD863.5 V872i</subfield>
    <subfield code="p">586-20</subfield>
    <subfield code="r">2020-06-25</subfield>
    <subfield code="t">e.2</subfield>
    <subfield code="w">2020-06-25</subfield>
    <subfield code="y">LF1</subfield>
    <subfield code="Z">No se presta</subfield>
  </datafield>
  <datafield tag="999" ind1=" " ind2=" ">
    <subfield code="c">584</subfield>
    <subfield code="d">584</subfield>
  </datafield>
</record>
